000 00733cab a2200205 4500
001 ABS42963
008 090401t1990 xxu||||| |||| 00| 0 eng d
035 _a(Sirsi) u39737
041 _aeng
100 _aCastle, R.
245 _aExchanges by telephone simplified
260 _c1990
350 _a0
490 _aLaw Society`s Gazette
_v87(22) 13 June 1990, 19-23(3)
520 _aReviews Formula C , published by the Law Society in 1989, for exchange of contracts for conveyancing purposes by telephone which involves a travelling deposit paid directly to the person who will ultimately hold it and suggests alterations.
650 _aDEPOSIT
690 _aPROPERTY LAW AND PRACTICE
942 _n0
948 _c04/03/1997
999 _c25443
_d25443